Statistics for Roads on the A3 Highway (Sydney)

Click here to take the quiz!

General Stats

  • This quiz has been taken 32 times
  • The average score is 8 of 11

Answer Stats

Main SuburbRoad% Correct
Mona ValeMona Vale Road
93%
PymbleRyde Road
87%
HurstvilleKing Georges Road
83%
RhodesConcord Road
80%
Sydney Olympic ParkHomebush Bay Drive
73%
North RydeLane Cove Road
73%
StrathfieldCentenary Drive
70%
RydeDevlin Street
53%
GreenacreRoberts Road
53%
RydeChurch Street
47%
GreenacreWiley Avenue
47%

Score Distribution

Percentile by Number Answered

Percent of People with Each Score

Your Score History

You have not taken this quiz